[Event "Rated Blitz game"]
[Site "?"]
[Date "2021.04.17"]
[Round "?"]
[White "Orian21"]
[Black "anjaya01"]
[Result "0-1"]
[WhiteElo "2293"]
[BlackElo "2425"]
[PlyCount "92"]
[EventDate "2021.??.??"]
[EventType "blitz"]

1. e4 e5 2. Nf3 d5 3. exd5 Bd6 4. d3 f5 5. Nc3 a6 6. Be2 Nf6 7. O-O O-O 8. Re1
b5 9. a3 Nbd7 10. Bf1 Rb8 11. b4 Qe7 12. Bb2 h6 13. g3 Qf7 14. Bh3 Nb6 15. Bg2
Re8 16. Qd2 g5 17. h4 g4 18. Nh2 Kh7 19. f3 h5 20. fxg4 hxg4 21. Nf1 Nh5 22.
Qg5 Bd7 23. Re2 Rg8 24. Qd2 Rbe8 25. Rae1 Nc8 26. d4 e4 27. Nxe4 fxe4 28. Bxe4+
Bf5 29. Rf2 Ne7 30. Qd3 Ref8 31. Ne3 Bxe4 32. Rxf7+ Rxf7 33. Qxe4+ Rg6 34. Nxg4
Nxg3 35. Qd3 Ngf5 36. Re4 Rfg7 37. Qh3 Nh6 38. Kh1 Rxg4 39. Rxg4 Rxg4 40. Bc1
Nef5 41. Bxh6 Rxh4 42. Qxh4 Nxh4 43. Be3 Nf3 44. Kg2 Ne1+ 45. Kf1 Nxc2 46. Bc1
Nxd4 {Normal} 0-1

[Event "Rated Blitz game"]
[Site "?"]
[Date "2021.04.17"]
[Round "?"]
[White "MANTAPSS"]
[Black "blastol"]
[Result "1-0"]
[WhiteElo "2376"]
[BlackElo "2420"]
[PlyCount "33"]
[EventDate "2021.??.??"]
[EventType "blitz"]

1. e4 e5 2. Nf3 d5 3. Nxe5 Bd6 4. d4 dxe4 5. Bf4 Nf6 6. Bc4 O-O 7. h3 Nc6 8.
O-O Qe7 9. Nc3 Nxe5 10. dxe5 Bxe5 11. Bg5 h6 12. Bh4 g5 13. Bg3 Bxg3 14. fxg3
Qc5+ 15. Kh2 Qxc4 16. Rxf6 Bd7 17. Qxd7 {Normal} 1-0

[Event "Rated Blitz game"]
[Site "?"]
[Date "2021.04.17"]
[Round "?"]
[White "ekok1984"]
[Black "Maltinho"]
[Result "0-1"]
[WhiteElo "2466"]
[BlackElo "2584"]
[PlyCount "48"]
[EventDate "2021.??.??"]
[EventType "blitz"]

1. e4 e5 2. Nf3 d5 3. Nxe5 Bd6 4. d4 dxe4 5. Bc4 Bxe5 6. dxe5 Qxd1+ 7. Kxd1 Nc6
8. Bf4 Nge7 9. Nd2 Ng6 10. Bg3 Ncxe5 11. Bb3 f5 12. f4 Ng4 13. h3 Ne3+ 14. Ke2
Nxg2 15. Raf1 N2h4 16. Nc4 Be6 17. Ne5 Bxb3 18. axb3 Nxe5 19. fxe5 Nf3 20. Bf4
g5 21. Be3 O-O-O 22. Ra1 a6 23. b4 f4 24. Bc1 Nd4+ {Normal} 0-1

[Event "Rated Blitz tournament BmP8tE2A"]
[Site "?"]
[Date "2021.04.17"]
[Round "?"]
[White "JewellRoque17"]
[Black "khalid_ontawar"]
[Result "0-1"]
[WhiteElo "2444"]
[BlackElo "2236"]
[PlyCount "91"]
[EventDate "2021.??.??"]
[EventType "blitz"]

1. e4 e5 2. Nf3 d5 3. d3 dxe4 4. dxe4 Qxd1+ 5. Kxd1 Bg4 6. Bd3 Bxf3+ 7. gxf3
Nc6 8. Rg1 O-O-O 9. Be3 Nb4 10. Ke2 Nxd3 11. cxd3 Nf6 12. Nd2 h6 13. Rac1 b6
14. Nc4 Nd7 15. a3 Kb7 16. b4 f6 17. Rc2 g5 18. Rgc1 Rc8 19. d4 Bd6 20. d5 Rhd8
21. h3 Nf8 22. Rb1 Ng6 23. a4 c6 24. dxc6+ Rxc6 25. b5 Rcc8 26. Rd1 Bb8 27.
Rxd8 Rxd8 28. a5 Bc7 29. a6+ Kb8 30. Rc1 Nf8 31. Na5 Rd7 32. Nc6+ Ka8 33. h4
Ne6 34. hxg5 hxg5 35. Rh1 Nd8 36. Rh7 Rxh7 37. Nb4 Bd6 38. Nd5 Rf7 39. Nxb6+
axb6 40. Bxb6 Ne6 41. Ba5 Bc5 42. b6 Bxb6 43. Bxb6 Ra7 44. Kd3 Rxa6 45. Bc5
Nxc5+ 46. Kc4 {Normal} 0-1

[Event "Rated Blitz game"]
[Site "?"]
[Date "2021.04.17"]
[Round "?"]
[White "Urquharts"]
[Black "pasha1984"]
[Result "1-0"]
[WhiteElo "2452"]
[BlackElo "2437"]
[PlyCount "161"]
[EventDate "2021.??.??"]
[EventType "blitz"]

1. e4 e5 2. Nf3 d5 3. d3 dxe4 4. dxe4 Qxd1+ 5. Kxd1 Bg4 6. Bc4 Nc6 7. c3 O-O-O+
8. Ke2 f5 9. Nbd2 fxe4 10. Nxe4 Nf6 11. Nxf6 gxf6 12. h3 Bh5 13. g4 Bg6 14. Nh4
Be4 15. Be6+ Kb8 16. f3 Bd5 17. Bxd5 Rxd5 18. Be3 h5 19. Ng6 Rg8 20. gxh5 e4
21. Nf4 exf3+ 22. Kxf3 Rf5 23. Rhg1 Rgg5 24. h4 Rxg1 25. Rxg1 Ne7 26. c4 Kc8
27. Bc5 Rxc5 28. Ng6 Nxg6 29. hxg6 Bg7 30. Kg4 Rxc4+ 31. Kf5 Rc5+ 32. Ke6 Rh5
33. Kf7 Bh8 34. Rg4 b5 35. g7 Bxg7 36. Kxg7 f5 37. Rf4 Kb7 38. Kg6 Rh8 39. h5
c5 40. h6 Rg8+ 41. Kf7 Rg5 42. h7 Rh5 43. Kg6 Rh1 44. Rxf5 Kb6 45. Rh5 Rg1+ 46.
Kh6 Rd1 47. h8=Q Rd6+ 48. Kg5 Rc6 49. Qe5 c4 50. Rh6 Rxh6 51. Kxh6 a6 52. Kg5
Ka5 53. Qd4 b4 54. Qc5+ Ka4 55. Qxc4 Ka5 56. b3 Kb6 57. Qxb4+ Ka7 58. Qc4 Kb7
59. Qa4 Ka7 60. b4 Kb6 61. Qa5+ Ka7 62. b5 Kb7 63. Qxa6+ Kc7 64. b6+ Kd7 65.
Qa7+ Kc6 66. b7 Kd5 67. b8=Q Ke4 68. Qbb7+ Kd3 69. Qbb6 Ke4 70. Qaa6 Kf3 71.
Qab7+ Kg3 72. Q7c7+ Kh3 73. Qcc6 Kg3 74. Qbb5 Kh2 75. Qcc5 Kh1 76. Qcc4 Kh2 77.
Qbb4 Kh1 78. Qbb3 Kh2 79. Qcc3 Kh1 80. Qbb2 Kg1 81. Qcc1# {Normal} 1-0

[Event "Rated Blitz game"]
[Site "?"]
[Date "2021.04.17"]
[Round "?"]
[White "IzkusniJorge"]
[Black "Unknownimous"]
[Result "1-0"]
[WhiteElo "2431"]
[BlackElo "2447"]
[PlyCount "59"]
[EventDate "2021.??.??"]
[EventType "blitz"]

1. e4 e5 2. Nf3 d5 3. Nxe5 Bd6 4. d4 dxe4 5. Bc4 Bxe5 6. Qh5 Qf6 7. Qxe5+ Qxe5
8. dxe5 Ne7 9. Nc3 Nbc6 10. Nxe4 Nxe5 11. Bb3 Bf5 12. Ng3 Bg6 13. Bf4 N7c6 14.
O-O-O O-O 15. Rhe1 Rfe8 16. h3 a6 17. Bd5 Rad8 18. Bxe5 Nxe5 19. Bxb7 a5 20. f4
Nc4 21. Rxd8 Rxd8 22. f5 Nd6 23. Be4 Re8 24. fxg6 hxg6 25. Kd1 Kf8 26. Bc6 Rd8
27. Kc1 f5 28. b3 Nf7 29. Nh1 Rd6 30. Re8# {Normal} 1-0

[Event "Rated Blitz game"]
[Site "?"]
[Date "2021.04.17"]
[Round "?"]
[White "picaflor93"]
[Black "rubengilmondelo64"]
[Result "0-1"]
[WhiteElo "2400"]
[BlackElo "2221"]
[PlyCount "40"]
[EventDate "2021.??.??"]
[EventType "blitz"]

1. e4 e5 2. Nf3 d5 3. Nxe5 Bd6 4. d4 dxe4 5. Nc4 Nf6 6. Nxd6+ Qxd6 7. Be3 O-O
8. Be2 Nc6 9. O-O Bf5 10. c4 Rad8 11. d5 Ne5 12. Nc3 Rfe8 13. Nb5 Qe7 14. Nxa7
c6 15. Qb3 Nfg4 16. Bxg4 Bxg4 17. h3 Qh4 18. hxg4 Nf3+ 19. gxf3 exf3 20. Bb6
Qxg4+ {Normal} 0-1

[Event "Rated Blitz game"]
[Site "?"]
[Date "2021.04.17"]
[Round "?"]
[White "KrokerMan"]
[Black "annaly1979"]
[Result "0-1"]
[WhiteElo "2425"]
[BlackElo "2420"]
[PlyCount "30"]
[EventDate "2021.??.??"]
[EventType "blitz"]

1. e4 e5 2. Nf3 d5 3. exd5 e4 4. Qe2 f5 5. d3 Nf6 6. Nc3 Bb4 7. dxe4 Bxc3+ 8.
bxc3 fxe4 9. Ba3 Qxd5 10. Rd1 Qxa2 11. Qb5+ Nc6 12. Ne5 Qxa3 13. Nxc6 Qxc3+ 14.
Rd2 bxc6 15. Qe5+ Qxe5 {Normal} 0-1

[Event "Rated Blitz game"]
[Site "?"]
[Date "2021.04.17"]
[Round "?"]
[White "checkmamy"]
[Black "Gifroy"]
[Result "0-1"]
[WhiteElo "2369"]
[BlackElo "2417"]
[PlyCount "146"]
[EventDate "2021.??.??"]
[EventType "blitz"]

1. e4 e5 2. Nf3 d5 3. exd5 e4 4. Qe2 Nf6 5. Nc3 Be7 6. Nxe4 O-O 7. Nxf6+ Bxf6
8. d3 Re8 9. Be3 Bxb2 10. Rb1 Bc3+ 11. Nd2 Qxd5 12. h4 Nc6 13. h5 Nd4 14. Qd1
Qxa2 15. Rc1 h6 16. Be2 Nf5 17. O-O Rxe3 18. Nc4 Re8 19. Bf3 Nd4 20. Rb1 Qa6
21. Be4 Qf6 22. Ne3 c6 23. g4 Rb8 24. Kg2 Be6 25. f4 Qd8 26. f5 Bd5 27. Bxd5
cxd5 28. Qc1 f6 29. Nd1 Re2+ 30. Rf2 Rxf2+ 31. Kxf2 Qc7 32. Nxc3 Qxc3 33. Rb2
Re8 34. Ra2 Re2+ 35. Kf1 Rh2 36. Qf4 Nxc2 37. Qxh2 Qe1+ 38. Kg2 Ne3+ 39. Kf3 d4
40. Qb8+ Kh7 41. Qxb7 Qf1+ 42. Kg3 Qg1+ 43. Rg2 Qxg2+ 44. Qxg2 Nxg2 45. Kxg2
Kg8 46. Kf3 Kf7 47. Ke4 Ke7 48. Kxd4 Kd7 49. Kc4 Kc6 50. d4 a5 51. d5+ Kd6 52.
Kd4 a4 53. Kc3 a3 54. Kb3 Kxd5 55. Kxa3 Ke4 56. g5 fxg5 57. f6 gxf6 58. Kb4 Kf5
59. Kc3 Kg4 60. Kd3 Kxh5 61. Ke4 Kg4 62. Ke3 f5 63. Kf2 f4 64. Kg2 h5 65. Kg1
h4 66. Kf1 f3 67. Kg1 Kf4 68. Kh1 g4 69. Kg1 g3 70. Kf1 Ke3 71. Kg1 Ke2 72. Kh1
f2 73. Kg2 f1=Q# {Normal} 0-1

[Event "Rated Blitz game"]
[Site "?"]
[Date "2021.04.17"]
[Round "?"]
[White "golubd4"]
[Black "pasha1984"]
[Result "0-1"]
[WhiteElo "2405"]
[BlackElo "2475"]
[PlyCount "42"]
[EventDate "2021.??.??"]
[EventType "blitz"]

1. e4 e5 2. Nf3 d5 3. Nxe5 dxe4 4. d4 Bd6 5. Bc4 Bxe5 6. dxe5 Qxd1+ 7. Kxd1 Nc6
8. Bf4 Bg4+ 9. Ke1 Nge7 10. Bg3 Ng6 11. Nc3 Ngxe5 12. Bd5 O-O-O 13. Bxe4 Rhe8
14. f3 Bh5 15. Rd1 Bg6 16. Rxd8+ Kxd8 17. Kf2 Bxe4 18. Nxe4 f5 19. Rd1+ Kc8 20.
Nc5 g5 21. b3 f4 {Normal} 0-1

[Event "Rated Blitz game"]
[Site "?"]
[Date "2021.04.17"]
[Round "?"]
[White "BLITZ16"]
[Black "Gifroy"]
[Result "1-0"]
[WhiteElo "2367"]
[BlackElo "2414"]
[PlyCount "119"]
[EventDate "2021.??.??"]
[EventType "blitz"]

1. e4 e5 2. Nf3 d5 3. Nxe5 Bd6 4. Nf3 dxe4 5. Nd4 Nf6 6. Nb3 Bf5 7. Nc3 O-O 8.
d3 Re8 9. dxe4 Nxe4 10. Nxe4 Bxe4 11. Be3 Qf6 12. c3 Nc6 13. Qd2 Rad8 14. O-O-O
a5 15. Nd4 h6 16. Bd3 Bxd3 17. Qxd3 Ne5 18. Qc2 Nc4 19. Rhe1 Nxe3 20. fxe3 Bxh2
21. Rf1 Qg5 22. Nf5 g6 23. Rxd8 Rxd8 24. Nd4 Qxe3+ 25. Kb1 c5 26. Nf3 Bf4 27.
a3 Qd3 28. Qxd3 Rxd3 29. Re1 Kf8 30. Kc2 Rd7 31. Kb3 b5 32. a4 Rb7 33. axb5
Rxb5+ 34. Kc2 g5 35. b3 Rb7 36. c4 Re7 37. Rxe7 Kxe7 38. Kd3 f5 39. Ne1 Ke6 40.
Nf3 Be5 41. Ke3 f4+ 42. Ke2 Kf5 43. Nd2 g4 44. Nf1 Bd4 45. Nd2 h5 46. Nf1 h4
47. Nh2 Kg5 48. Nxg4 Be5 49. Nxe5 Kf5 50. Nd7 Ke4 51. Nxc5+ Kd4 52. Nd7 Kc3 53.
Ne5 Kb2 54. Ng6 a4 55. Nxf4 a3 56. Nh5 a2 57. Ng3 a1=Q 58. Nf5 Qb1 59. Kf3 Qc2
60. Kf4 {Time forfeit} 1-0

[Event "Rated Blitz game"]
[Site "?"]
[Date "2021.04.17"]
[Round "?"]
[White "man_man_lai"]
[Black "pasha1984"]
[Result "1-0"]
[WhiteElo "2559"]
[BlackElo "2488"]
[PlyCount "75"]
[EventDate "2021.??.??"]
[EventType "blitz"]

1. e4 e5 2. Nf3 d5 3. d4 dxe4 4. Nxe5 Bd6 5. Qh5 Qe7 6. Nc3 Nf6 7. Qg5 O-O 8.
Nc4 Nc6 9. Be3 h6 10. Qh4 Bf5 11. Nxd6 cxd6 12. Be2 Nd5 13. Qxe7 Ncxe7 14. Nxd5
Nxd5 15. c4 Nxe3 16. fxe3 d5 17. c5 Bd7 18. b4 f5 19. g3 g5 20. Rf1 Rf6 21. Kd2
Raf8 22. b5 f4 23. exf4 gxf4 24. gxf4 Rxf4 25. Rxf4 Rxf4 26. Rc1 Rf2 27. Ke3
Rxh2 28. c6 bxc6 29. bxc6 Bc8 30. Rc5 Rh3+ 31. Kf4 Rh2 32. Bg4 Rf2+ 33. Kg3 Rf8
34. Rxd5 Kg7 35. Re5 Bxg4 36. Kxg4 Rc8 37. d5 Kf6 38. Rxe4 {Normal} 1-0

[Event "Rated Blitz game"]
[Site "?"]
[Date "2021.04.17"]
[Round "?"]
[White "Shaginyan_A"]
[Black "anjaya01"]
[Result "1/2-1/2"]
[WhiteElo "2384"]
[BlackElo "2400"]
[PlyCount "50"]
[EventDate "2021.??.??"]
[EventType "blitz"]

1. e4 e5 2. Nf3 d5 3. Nxe5 Bd6 4. d4 dxe4 5. Nc4 f5 6. Nc3 Nf6 7. Nxd6+ Qxd6 8.
Bc4 c6 9. O-O Ng4 10. g3 h5 11. f3 Nxh2 12. Kxh2 h4 13. Bf4 hxg3+ 14. Kxg3 Qg6+
15. Kf2 Nd7 16. Rh1 Rf8 17. Qg1 Qf6 18. Qg5 Qxd4+ 19. Be3 Qxc4 20. Qxg7 f4 21.
Qg6+ Kd8 22. Qg5+ Ke8 23. Qg6+ Kd8 24. Qg5+ Ke8 25. Qg6+ Kd8 {Normal} 1/2-1/2

[Event "Rated Blitz tournament 6PrQOZfz"]
[Site "?"]
[Date "2021.04.17"]
[Round "?"]
[White "LudovicM59"]
[Black "lavilaine"]
[Result "1-0"]
[WhiteElo "2432"]
[BlackElo "2373"]
[PlyCount "91"]
[EventDate "2021.??.??"]
[EventType "blitz"]

1. e4 e5 2. Nf3 d5 3. exd5 e4 4. Qe2 f5 5. d3 Nf6 6. dxe4 fxe4 7. Nc3 Be7 8.
Nxe4 O-O 9. Nxf6+ Bxf6 10. c3 Re8 11. Be3 Qxd5 12. Qc4 Be6 13. Qxd5 Bxd5 14.
Be2 Nc6 15. O-O Rad8 16. Rfd1 Ne5 17. Nxe5 Rxe5 18. Rxd5 Rexd5 19. Bc4 Kf7 20.
Rd1 Ke6 21. Kf1 b6 22. Ke2 c6 23. g4 g5 24. Bxd5+ cxd5 25. f4 h6 26. f5+ Ke5
27. Bd4+ Kf4 28. Bxf6 Re8+ 29. Kf2 Kxg4 30. Rxd5 Rf8 31. Bd4 Rxf5+ 32. Rxf5
Kxf5 33. Ke3 h5 34. c4 Kg4 35. b4 Kh3 36. Be5 h4 37. c5 bxc5 38. bxc5 g4 39. c6
g3 40. Bxg3 hxg3 41. hxg3 Kxg3 42. c7 Kg2 43. c8=Q Kf1 44. Qc2 Kg1 45. Kf3 Kh1
46. Qg2# {Normal} 1-0

[Event "Rated Blitz game"]
[Site "?"]
[Date "2021.04.17"]
[Round "?"]
[White "Pyrig_Roman"]
[Black "vovaches"]
[Result "0-1"]
[WhiteElo "2242"]
[BlackElo "2513"]
[PlyCount "126"]
[EventDate "2021.??.??"]
[EventType "blitz"]

1. e4 e5 2. Nf3 d5 3. Nxe5 Bd6 4. Nf3 dxe4 5. Nd4 Nf6 6. d3 O-O 7. dxe4 Nxe4 8.
Be2 Re8 9. O-O Nc6 10. Nxc6 bxc6 11. Nc3 Nxc3 12. bxc3 Qf6 13. Bd2 Bf5 14. Bf3
Rad8 15. Qc1 h6 16. Bf4 Qxc3 17. Bxd6 cxd6 18. Qf4 Bg6 19. Rac1 d5 20. Qc7 a5
21. h4 Qc5 22. h5 Bf5 23. c4 Rc8 24. Qf4 d4 25. Rce1 Bd3 26. Rxe8+ Rxe8 27. Rd1
Qxc4 28. Bxc6 Qxc6 29. Rxd3 Re1+ 30. Kh2 Re4 31. Qb8+ Kh7 32. Rf3 Qd5 33. Qb1
Qxh5+ 34. Kg1 Qg6 35. Qd1 f5 36. Rd3 Qf6 37. f3 Rh4 38. Qe1 Qg5 39. Qxa5 Qc1+
40. Kf2 Qg5 41. Qe5 Rf4 42. Rxd4 Qh4+ 43. Ke3 Rxd4 44. Qxd4 Qg5+ 45. Qf4 Qe7+
46. Kf2 Qc5+ 47. Kg3 g5 48. Qb8 Qc6 49. Qa7+ Kg6 50. Qf2 Qd6+ 51. Kh3 h5 52. g4
hxg4+ 53. fxg4 Qd3+ 54. Qg3 Qe4 55. gxf5+ Qxf5+ 56. Qg4 Qd3+ 57. Qg3 Qf5+ 58.
Qg4 Kf6 59. Qxf5+ Kxf5 60. Kg3 g4 61. Kg2 Kg5 62. Kg3 Kf5 63. a3 Kg5 {Time
forfeit} 0-1

[Event "Rated Blitz game"]
[Site "?"]
[Date "2021.04.17"]
[Round "?"]
[White "DressForAnna"]
[Black "Maltinho"]
[Result "0-1"]
[WhiteElo "2665"]
[BlackElo "2613"]
[PlyCount "112"]
[EventDate "2021.??.??"]
[EventType "blitz"]

1. e4 e5 2. Nf3 d5 3. Nc3 d4 4. Ne2 Bd6 5. Ng3 h5 6. h4 Bg4 7. Be2 f6 8. Nh2
Bxe2 9. Qxe2 g6 10. Nf3 Ne7 11. d3 c5 12. c3 Nbc6 13. c4 a6 14. a4 Qd7 15. Bd2
O-O-O 16. Kd1 Kb8 17. a5 Bc7 18. Ne1 Rdf8 19. Kc2 Qd8 20. Rf1 Bxa5 21. Bxa5
Nxa5 22. f4 Nac6 23. f5 Nb4+ 24. Kb1 gxf5 25. exf5 Qb6 26. Nxh5 Nec6 27. Ng3
Rxh4 28. Ne4 Na5 29. Ra3 Qc6 30. g4 Rfh8 31. Nf3 Rh1 32. Rxa5 Rxf1+ 33. Qxf1 b5
34. cxb5 axb5 35. g5 c4 36. Nxf6 cxd3 37. Nxe5 Qh1 38. Rxb5+ Ka8 39. Qc1 d2 40.
Nd3 dxc1=Q+ 41. Nxc1 Rc8 42. Rxb4 Qxc1+ 43. Ka2 Rc4 44. Kb3 Qc2+ 45. Ka3 Rxb4
46. Kxb4 d3 47. Ne4 Qxb2+ 48. Kc4 d2 49. Nxd2 Qxd2 50. f6 Qxg5 51. f7 Qf6 52.
f8=Q+ Qxf8 53. Kd5 Qb8 54. Ke6 Qb7 55. Kd6 Ka7 56. Kc5 Ka6 {Time forfeit} 0-1

[Event "Rated Blitz game"]
[Site "?"]
[Date "2021.04.17"]
[Round "?"]
[White "minecraft_storify"]
[Black "gameoverbro"]
[Result "1-0"]
[WhiteElo "2540"]
[BlackElo "2580"]
[PlyCount "99"]
[EventDate "2021.??.??"]
[EventType "blitz"]

1. e4 e5 2. Nf3 d5 3. exd5 e4 4. Ne5 Qxd5 5. d4 exd3 6. Nxd3 Nf6 7. Nc3 Qf5 8.
Qe2+ Be7 9. Bd2 Nc6 10. O-O-O Be6 11. h3 O-O-O 12. g4 Qa5 13. Bg2 Rhe8 14. Kb1
Nd4 15. Qe5 Qxe5 16. Nxe5 Bd6 17. Nf3 Bc5 18. Ng5 Bb4 19. Nxe6 Rxe6 20. g5 Nh5
21. h4 g6 22. Bh3 Nf5 23. Bxf5 gxf5 24. a3 Bxc3 25. Bxc3 Re2 26. Rxd8+ Kxd8 27.
Rd1+ Kc8 28. Re1 Rxf2 29. Re7 f4 30. Rxf7 f3 31. Be5 Rf1+ 32. Ka2 Re1 33. Bc3
Re3 34. Rxh7 Ng3 35. Rf7 Ne4 36. g6 f2 37. g7 Rg3 38. Rf8+ Kd7 39. Be5 Rg4 40.
Bd4 Ke7 41. Bxf2 Rxg7 42. Rf3 Rg2 43. Re3 Rxf2 44. Rxe4+ Kf6 45. Kb3 Rh2 46. c3
b6 47. a4 a5 48. Rc4 Ke6 49. Rxc7 Kd6 50. Rh7 {Normal} 1-0

[Event "Rated Blitz game"]
[Site "?"]
[Date "2021.04.17"]
[Round "?"]
[White "Handry_EK_BKD"]
[Black "Gifroy"]
[Result "0-1"]
[WhiteElo "2404"]
[BlackElo "2431"]
[PlyCount "126"]
[EventDate "2021.??.??"]
[EventType "blitz"]

1. e4 e5 2. Nf3 d5 3. Nxe5 Bd6 4. d4 dxe4 5. Nc3 Bxe5 6. dxe5 Qxd1+ 7. Nxd1 Nc6
8. Bf4 Nge7 9. Bb5 Bd7 10. Nc3 O-O-O 11. O-O-O h6 12. Nxe4 Ng6 13. Bg3 Ncxe5
14. Bxd7+ Rxd7 15. h3 Rhd8 16. Rxd7 Rxd7 17. Re1 f6 18. Nc5 Re7 19. f4 Nc4 20.
Rxe7 Nxe7 21. Ne6 Nf5 22. Bf2 Kd7 23. Nc5+ Kc6 24. g4 Nfd6 25. Ne6 Ne8 26. b3
Ncd6 27. c4 b6 28. h4 Ne4 29. Be1 Kd7 30. f5 N4d6 31. Kd2 h5 32. gxh5 Nxf5 33.
Nf8+ Ke7 34. Ng6+ Kf7 35. Kd3 Ned6 36. Nf4 c6 37. Bf2 Nh6 38. a4 Ng4 39. Be1
Ne5+ 40. Ke2 Nf5 41. Bf2 Nd6 42. c5 Nc8 43. cxb6 axb6 44. Nd3 Nxd3 45. Kxd3 Ke6
46. Kc4 Nd6+ 47. Kb4 c5+ 48. Bxc5 bxc5+ 49. Kxc5 f5 50. b4 f4 51. Kd4 Kf5 52.
b5 Nb7 53. Kd5 f3 54. Kc6 Na5+ 55. Kb6 f2 56. Kxa5 f1=Q 57. b6 Qf3 58. Ka6 Qa8+
59. Kb5 Ke6 60. a5 Kd6 61. a6 Qc6+ 62. Ka5 Kc5 63. a7 Qb5# {Normal} 0-1

[Event "Rated Blitz game"]
[Site "?"]
[Date "2021.04.17"]
[Round "?"]
[White "NarNar"]
[Black "magos33"]
[Result "1-0"]
[WhiteElo "2407"]
[BlackElo "2413"]
[PlyCount "107"]
[EventDate "2021.??.??"]
[EventType "blitz"]

1. e4 e5 2. Nf3 d5 3. exd5 e4 4. Qe2 Nf6 5. d3 Be7 6. dxe4 O-O 7. Nbd2 Re8 8.
g3 c6 9. dxc6 Nxc6 10. Bg2 Bc5 11. O-O Bf5 12. e5 Ng4 13. Nb3 Bb6 14. Bf4 Bc7
15. Rad1 Qe7 16. Nfd4 Bd7 17. Nxc6 bxc6 18. Nd4 Nxe5 19. Bxe5 Qxe5 20. Qxe5
Bxe5 21. Nxc6 Bxc6 22. Bxc6 Bxb2 23. Bxa8 Rxa8 24. Rd7 a5 25. Rb1 Bf6 26. Rbb7
Rf8 27. Ra7 h5 28. Rxa5 g6 29. c4 Rc8 30. c5 h4 31. gxh4 Bxh4 32. Rda7 Kg7 33.
R7a6 Rc7 34. c6 Re7 35. Ra4 Bf6 36. Ra7 Re1+ 37. Kg2 Rc1 38. c7 Be5 39. Re4
Bxc7 40. Re7 Bd6 41. Rxf7+ Kh6 42. Rh7+ Kg5 43. Ra5+ Rc5 44. Rxc5+ Bxc5 45. Rc7
Bd6 46. Rc6 Bb8 47. Ra6 Bc7 48. a4 Kf5 49. Ra7 Bb6 50. Rb7 Bd4 51. Rb4 Ke6 52.
Rb5 Kd6 53. Rb4 Bc5 54. Rc4 {Time forfeit} 1-0

[Event "Rated Blitz game"]
[Site "?"]
[Date "2021.04.17"]
[Round "?"]
[White "Drjuanfer"]
[Black "Gifroy"]
[Result "0-1"]
[WhiteElo "2402"]
[BlackElo "2436"]
[PlyCount "42"]
[EventDate "2021.??.??"]
[EventType "blitz"]

1. e4 e5 2. Nf3 d5 3. Nc3 dxe4 4. Nxe4 Nf6 5. Nxf6+ Qxf6 6. Bc4 Bg4 7. O-O Nc6
8. h3 Bxf3 9. Qxf3 Qxf3 10. gxf3 Bd6 11. Kg2 O-O 12. d3 Nd4 13. c3 Nf5 14. f4
exf4 15. Kf3 Nh4+ 16. Kg4 Ng6 17. h4 Ne5+ 18. Kf5 g6+ 19. Kf6 Rae8 20. Bd2 h6
21. Bb3 Ng4# {Normal} 0-1

[Event "Rated Blitz game"]
[Site "?"]
[Date "2021.04.17"]
[Round "?"]
[White "vladtdoi2612"]
[Black "Maltinho"]
[Result "1-0"]
[WhiteElo "2521"]
[BlackElo "2619"]
[PlyCount "47"]
[EventDate "2021.??.??"]
[EventType "blitz"]

1. e4 e5 2. Nf3 d5 3. Nxe5 Bd6 4. d4 dxe4 5. Bc4 Bxe5 6. Qh5 Qe7 7. Qxe5 Qxe5
8. dxe5 Nc6 9. Nc3 Nxe5 10. Nb5 Nxc4 11. Nxc7+ Kd7 12. Nxa8 b6 13. b3 Nd6 14.
Bf4 Ne7 15. O-O-O Nef5 16. g4 g5 17. Bxg5 Ng7 18. Bf4 Nge8 19. Rd4 Rg8 20. Rhd1
Rg6 21. Rxe4 Bb7 22. Rxe8 Kxe8 23. Nc7+ Kd7 24. Nb5 {Normal} 1-0

[Event "Rated Blitz game"]
[Site "?"]
[Date "2021.04.17"]
[Round "?"]
[White "ZhohoFF"]
[Black "JellalFernandes"]
[Result "1-0"]
[WhiteElo "2548"]
[BlackElo "2552"]
[PlyCount "73"]
[EventDate "2021.??.??"]
[EventType "blitz"]

1. e4 e5 2. Nf3 d5 3. d4 dxe4 4. Nxe5 Bd6 5. Nc4 Nf6 6. Nc3 O-O 7. Bg5 Re8 8.
Be2 Bf5 9. O-O Nbd7 10. Nxd6 cxd6 11. Qd2 h6 12. Bh4 Rc8 13. Nd1 Nb6 14. Ne3
Bg6 15. c4 Bh7 16. Rac1 d5 17. c5 Nbd7 18. b4 Nf8 19. a4 Ne6 20. b5 g5 21. Bg3
Nf4 22. c6 bxc6 23. bxc6 Qb6 24. Ng4 Nxe2+ 25. Qxe2 Nxg4 26. Qxg4 Rxc6 27. Qd7
Rec8 28. Rxc6 Qxc6 29. Qxa7 Ra8 30. Qe7 Rxa4 31. Be5 Ra8 32. h4 Qe6 33. Qb7 Re8
34. hxg5 hxg5 35. Rc1 Bg6 36. Rc6 Qg4 37. Rxg6+ {Normal} 1-0

[Event "Rated Blitz game"]
[Site "?"]
[Date "2021.04.17"]
[Round "?"]
[White "Handry_EK_BKD"]
[Black "Gifroy"]
[Result "0-1"]
[WhiteElo "2386"]
[BlackElo "2448"]
[PlyCount "66"]
[EventDate "2021.??.??"]
[EventType "blitz"]

1. e4 e5 2. Nf3 d5 3. Nxe5 Bd6 4. d4 dxe4 5. Bf4 Nf6 6. Nc3 O-O 7. Bc4 Nc6 8.
Nxc6 bxc6 9. Bxd6 cxd6 10. O-O d5 11. Bb3 Ng4 12. h3 Nh6 13. f3 Nf5 14. fxe4
Ne3 15. Qf3 Nxf1 16. Rxf1 Qb6 17. exd5 Qxd4+ 18. Kh1 cxd5 19. Bxd5 Rb8 20.
Bxf7+ Kh8 21. Qg3 Ba6 22. Rd1 Qf6 23. Bb3 Rbd8 24. Re1 Rde8 25. Ne4 Qxb2 26.
Ng5 Rxe1+ 27. Qxe1 Qf6 28. Nf3 Bb7 29. Nh2 Qf2 30. Qg1 Qg3 31. Be6 Rf2 32. Nf1
Bxg2+ 33. Qxg2 Qxg2# {Normal} 0-1

[Event "Rated Blitz game"]
[Site "?"]
[Date "2021.04.17"]
[Round "?"]
[White "enchantress13"]
[Black "magos33"]
[Result "0-1"]
[WhiteElo "2405"]
[BlackElo "2409"]
[PlyCount "84"]
[EventDate "2021.??.??"]
[EventType "blitz"]

1. e4 e5 2. Nf3 d5 3. Nxe5 Bd6 4. d4 dxe4 5. Bf4 Nf6 6. Bc4 O-O 7. O-O Qe7 8.
Nc3 c6 9. Re1 Bf5 10. Bg3 Nbd7 11. Nxd7 Qxd7 12. Ne2 Bxg3 13. Nxg3 Bg6 14. c3
Rad8 15. Qe2 Rfe8 16. Bb3 Nd5 17. Bc2 f5 18. Qd2 Qd6 19. b4 Kh8 20. a4 Nf6 21.
Ne2 Nd5 22. Ng3 Rf8 23. a5 Rde8 24. Kh1 Nf6 25. c4 f4 26. Ne2 Ng4 27. Nc3 e3
28. Qc1 Nxf2+ 29. Kg1 Qxd4 30. Bxg6 hxg6 31. Ne2 Qf6 32. Qc2 Ng4 33. h3 Ne5 34.
Rad1 Rd8 35. Rxd8 Rxd8 36. Rd1 Rxd1+ 37. Qxd1 Nxc4 38. Qd3 Ne5 39. Qd4 g5 40.
Kh1 f3 41. gxf3 Qxf3+ 42. Kg1 Qf2+ {Time forfeit} 0-1

[Event "Rated Blitz game"]
[Site "?"]
[Date "2021.04.17"]
[Round "?"]
[White "Machinegunusa"]
[Black "anjaya01"]
[Result "1-0"]
[WhiteElo "2571"]
[BlackElo "2427"]
[PlyCount "91"]
[EventDate "2021.??.??"]
[EventType "blitz"]

1. e4 e5 2. Nf3 d5 3. d4 dxe4 4. Nxe5 Bd6 5. Qh5 Qe7 6. Nc3 c6 7. Bc4 Be6 8.
Bxe6 Qxe6 9. Nxe4 Be7 10. O-O Nd7 11. Nxd7 Qxe4 12. Nc5 Qxd4 13. Be3 Qb4 14. a3
Qb5 15. Rfe1 b6 16. Qe5 O-O-O 17. Qf5+ Kb8 18. a4 Qc4 19. b3 Qd5 20. Qg4 bxc5
21. Rad1 Nf6 22. Qg3+ Bd6 23. Rxd5 Bxg3 24. Rxd8+ Rxd8 25. hxg3 Rd5 26. c4 Rd3
27. Bxc5 Rxb3 28. Re7 Rb7 29. Re1 a6 30. f3 Rd7 31. g4 Kc7 32. a5 h6 33. Kf1
Rd3 34. Re7+ Rd7 35. Bb6+ Kd6 36. Re2 c5 37. Rd2+ Kc6 38. Rc2 Ne8 39. Re2 Nf6
40. Re5 Rd4 41. Rxc5+ Kd6 42. Rc8 Rd1+ 43. Ke2 Re1+ 44. Kxe1 Ne4 45. c5+ Kd7
46. fxe4 {Time forfeit} 1-0

[Event "Rated Blitz game"]
[Site "?"]
[Date "2021.04.17"]
[Round "?"]
[White "quicksilver2"]
[Black "magos33"]
[Result "1-0"]
[WhiteElo "2405"]
[BlackElo "2408"]
[PlyCount "77"]
[EventDate "2021.??.??"]
[EventType "blitz"]

1. e4 e5 2. Nf3 d5 3. Nxe5 Bd6 4. d4 dxe4 5. Nc4 Nf6 6. Nxd6+ Qxd6 7. Be2 O-O
8. O-O Bf5 9. c3 Nbd7 10. Bg5 h6 11. Bh4 c5 12. Bg3 Qc6 13. dxc5 Nxc5 14. Nd2
Nd3 15. Bxd3 exd3 16. Nf3 Bg4 17. Qxd3 Bxf3 18. Qxf3 Qxf3 19. gxf3 Rfe8 20.
Rfe1 b5 21. Kf1 a5 22. Bc7 a4 23. Be5 Nd5 24. Bd4 f6 25. b3 Kf7 26. Rxe8 Kxe8
27. c4 bxc4 28. bxc4 Nb4 29. Bc3 Nc6 30. Rb1 Rc8 31. Rb7 Ne5 32. Bxe5 fxe5 33.
Rxg7 Rxc4 34. Ra7 h5 35. Ra5 Kf7 36. Rxe5 Kg6 37. Re4 Rc1+ 38. Kg2 a3 39. Re3 {
Normal} 1-0